[Event "8th EUR-ch"]
[Site "Dresden GER"]
[Date "2007.04.12"]
[Round "9.68"]
[White "Parligras, Mircea"]
[Black "Golod, Vitali"]
[Result "1-0"]
[WhiteElo "2522"]
[BlackElo "2597"]
[EventDate "2007.04.03"]
[PlyCount "101"]

1.e4 e5 2.Nf3 Nc6 3.Bb5 a6 4.Ba4 Nf6 5.O-O Be7 6.Re1 b5 7.Bb3 d6 8.c3 O-O 
9.h3 Nb8 10.d4 Nbd7 11.Nbd2 Bb7 12.Bc2 Re8 13.Nf1 Bf8 14.Ng3 g6 15.a4 Bg7 
16.Bd3 c6 17.Bg5 Nf8 18.Qd2 Ne6 19.Be3 Nd7 20.b4 Qc7 21.Bh6 Bh8 22.Bf1 Nb6
23.a5 Nd7 24.Rad1 d5 25.dxe5 Nxe5 26.Nd4 c5 27.Nxe6 fxe6 28.exd5 exd5 29.
bxc5 Qxc5 30.Be3 Qc7 31.Bd4 Qxa5 32.Re3 Bc6 33.Rde1 Nf7 34.Nf5 Rxe3 35.
Rxe3 Qc7 36.Ne7+ Kf8 37.Bxh8 Nxh8 38.Qd4 Nf7 39.Qc5 Qd6 40.Qxc6 Rd8 41.Re6
Qxc6 42.Nxc6 Rd6 43.Rxd6 Nxd6 44.Nb4 d4 45.cxd4 a5 46.Nc6 a4 47.Bd3 Ke8 
48.Kf1 Kd7 49.Nb4 Kc7 50.Ke2 Kb6 51.Kd2 1-0

[Event "8th EUR-ch"]
[Site "Dresden GER"]
[Date "2007.04.12"]
[Round "9.73"]
[White "Geller, Jakov"]
[Black "Atalik, Suat"]
[Result "1-0"]
[WhiteElo "2500"]
[BlackElo "2584"]
[EventDate "2007.04.03"]
[PlyCount "71"]

1.e4 e5 2.Nf3 Nc6 3.Bb5 a6 4.Ba4 Nf6 5.O-O Nxe4 6.d4 b5 7.Bb3 d5 8.dxe5 
Be6 9.Nbd2 Be7 10.c3 O-O 11.Bc2 f5 12.Nb3 Qd7 13.Nbd4 Nxd4 14.Nxd4 c5 15.
Nxe6 Qxe6 16.f3 Ng5 17.a4 Rad8 18.axb5 axb5 19.Qe2 c4 20.Be3 b4 21.Qd2 b3 
22.Bd1 f4 23.Bxf4 Qf5 24.Be3 Qxe5 25.Be2 Nf7 26.Ra5 Rfe8 27.f4 Qc7 28.Rxd5
Rxd5 29.Qxd5 Bf6 30.Kf2 Qe7 31.Qc5 Qe4 32.Bxc4 Qc2+ 33.Kg1 Qxb2 34.Qd5 Rf8
35.Bc5 Qxc3 36.Bxb3 1-0

[Event "8th EUR-ch"]
[Site "Dresden GER"]
[Date "2007.04.12"]
[Round "9.74"]
[White "Buhmann, Rainer"]
[Black "Van der Weide, Karel"]
[Result "1-0"]
[WhiteElo "2581"]
[BlackElo "2502"]
[EventDate "2007.04.03"]
[PlyCount "115"]

1.Nf3 Nf6 2.c4 g6 3.Nc3 d5 4.cxd5 Nxd5 5.Qb3 Nb6 6.d4 Bg7 7.e4 Bg4 8.d5 
Bxf3 9.gxf3 c6 10.Be3 O-O 11.Rd1 cxd5 12.exd5 Na6 13.h4 Qd6 14.h5 Qb4 15.
hxg6 fxg6 16.Bxa6 Qxb3 17.axb3 bxa6 18.Ke2 Rfd8 19.Rd3 Rab8 20.Ra1 Nc8 21.
Ne4 Rb5 22.Rxa6 Rbxd5 23.Rxd5 Rxd5 24.Rc6 Nd6 25.Rc7 Nxe4 26.fxe4 Rb5 27.
Rxe7 Rxb3 28.Rxa7 Rxb2+ 29.Kd3 Rb8 30.f4 Re8 31.e5 g5 32.Ke4 gxf4 33.Bxf4 
h5 34.Ra2 Kh7 35.Rh2 Kg6 36.Rg2+ Kf7 37.Kf5 h4 38.Rh2 Rh8 39.e6+ Ke8 40.
Bg5 Rf8+ 41.Kg6 Rg8 42.Ra2 Be5+ 43.Kf5 Rxg5+ 44.Kxg5 h3 45.Ra7 h2 46.Rh7 
Bd4 47.Rxh2 Ke7 48.Kf5 Bc3 49.Rh7+ Ke8 50.Rb7 Bd4 51.Ke4 Bf2 52.Rg7 Be1 
53.Kd5 Bb4 54.Rg4 Ba3 55.Ra4 Bf8 56.Ra8+ Ke7 57.Ra7+ Ke8 58.e7 1-0

[Event "8th EUR-ch"]
[Site "Dresden GER"]
[Date "2007.04.12"]
[Round "9.75"]
[White "Kempinski, Robert"]
[Black "Wells, Peter"]
[Result "1-0"]
[WhiteElo "2579"]
[BlackElo "2499"]
[EventDate "2007.04.03"]
[PlyCount "101"]

1.d4 Nf6 2.c4 e6 3.Nf3 d5 4.Nc3 dxc4 5.e4 Bb4 6.Bg5 c5 7.e5 cxd4 8.Nxd4 
Qa5 9.exf6 Bxc3+ 10.bxc3 Qxg5 11.fxg7 Qxg7 12.Qd2 O-O 13.Bxc4 Rd8 14.Qe3 
Bd7 15.O-O Nc6 16.Nf3 Ne7 17.Ne5 Ng6 18.f4 Nxe5 19.fxe5 Bc6 20.g3 Rd7 21.
Be2 Kh8 22.Rad1 Rad8 23.Rd4 Rd5 24.Rff4 Qg5 25.h4 Qe7 26.Bd3 Rg8 27.Rf6 
Rxd4 28.cxd4 Rg4 29.Qf2 Qb4 30.Rxf7 Qxd4 31.Qxd4 Rxd4 32.Bxh7 Rd1+ 33.Kf2 
Rd2+ 34.Ke1 Rg2 35.Bg6 Rxg3 36.h5 Kg8 37.Rf6 Bd5 38.h6 Rh3 39.Bc2 Be4 40.
Bxe4 Re3+ 41.Kd2 Rxe4 42.Rxe6 Kf7 43.Kd3 Re1 44.Rf6+ Ke7 45.Kd4 Ra1 46.Rf3
Rh1 47.Rf6 Ra1 48.Ke4 Rxa2 49.Kf5 Rg2 50.h7 Rh2 51.Kg6 1-0

[Event "8th EUR-ch"]
[Site "Dresden GER"]
[Date "2007.04.12"]
[Round "9.76"]
[White "Stefansson, Hannes"]
[Black "Nechepurenko, Roman"]
[Result "1-0"]
[WhiteElo "2576"]
[BlackElo "2501"]
[EventDate "2007.04.03"]
[PlyCount "93"]

1.d4 Nf6 2.c4 g6 3.Nf3 Bg7 4.g3 O-O 5.Bg2 d5 6.cxd5 Nxd5 7.O-O Nb6 8.Nc3 
Nc6 9.e3 e5 10.d5 Ne7 11.e4 Bg4 12.h3 Bxf3 13.Bxf3 c6 14.Bg2 cxd5 15.exd5 
Nf5 16.Qd3 Rc8 17.Rd1 Nd6 18.Nb5 a6 19.Nxd6 Qxd6 20.Qb3 Rfe8 21.Bd2 e4 22.
Bb4 Qd7 23.Bf1 Be5 24.a4 Qf5 25.d6 Nd7 26.Rac1 Rxc1 27.Rxc1 Bd4 28.Qc2 Ne5
29.Rd1 Nc6 30.Bc3 Qc5 31.d7 Rd8 32.Rxd4 Nxd4 33.Qxe4 Ne6 34.Qxb7 Qd6 35.
Qxa6 Qxd7 36.a5 Qc7 37.Qc4 Qxc4 38.Bxc4 Nc5 39.Be5 Rc8 40.Bb5 Nb3 41.a6 
Rc1+ 42.Kg2 Ra1 43.Bc4 Nc5 44.b4 Ra4 45.Bb5 Nxa6 46.Bxa6 Rxa6 47.Bd6 1-0

[Event "8th EUR-ch"]
[Site "Dresden GER"]
[Date "2007.04.12"]
[Round "9.78"]
[White "Khismatullin, Denis"]
[Black "Zaragatski, Ilja"]
[Result "1-0"]
[WhiteElo "2570"]
[BlackElo "2464"]
[EventDate "2007.04.03"]
[PlyCount "95"]

1.d4 d5 2.Nf3 Nc6 3.e3 Bg4 4.Bb5 e6 5.c4 Ne7 6.cxd5 exd5 7.Nc3 Qd6 8.Bd2 
O-O-O 9.Rc1 Kb8 10.Na4 Rc8 11.h3 Bxf3 12.Qxf3 Nd8 13.Nc5 c6 14.Bd3 Ka8 15.
b4 g6 16.a4 f5 17.b5 Ne6 18.O-O Nxc5 19.Bb4 Bh6 20.Bxc5 Qe6 21.Rc2 Rhe8 
22.Rfc1 Ng8 23.bxc6 bxc6 24.Ba6 Rb8 25.Qe2 Rb3 26.Rb2 Rxb2 27.Qxb2 Rb8 28.
Qc2 Nf6 29.Rb1 Nd7 30.Rxb8+ Nxb8 31.Be2 Nd7 32.Bb4 Bf8 33.Bxf8 Nxf8 34.Ba6
Qd7 35.Qc5 Ne6 36.Qb4 Qc7 37.a5 Qd7 38.g3 Qc7 39.h4 Qd7 40.Bd3 Qc7 41.h5 
Qd7 42.a6 Qc7 43.h6 Qd7 44.g4 fxg4 45.Bxg6 Nd8 46.Qf8 Kb8 47.Bf5 Qc7 48.
Kg2 1-0

[Event "8th EUR-ch"]
[Site "Dresden GER"]
[Date "2007.04.12"]
[Round "9.79"]
[White "Iotov, Valentin"]
[Black "Halkias, Stelios"]
[Result "0-1"]
[WhiteElo "2491"]
[BlackElo "2569"]
[EventDate "2007.04.03"]
[PlyCount "128"]

1.d4 d5 2.Nf3 Nf6 3.c4 e6 4.Nc3 Be7 5.Bg5 h6 6.Bh4 O-O 7.e3 b6 8.Rc1 Bb7 
9.Bxf6 Bxf6 10.cxd5 exd5 11.b4 c6 12.Be2 Qd6 13.Qb3 Nd7 14.O-O a5 15.b5 c5
16.Rfd1 Rfd8 17.dxc5 Nxc5 18.Qa3 Rac8 19.Nd4 Be5 20.h3 Qf6 21.Bf3 Ne4 22.
Qb3 Rc5 23.Nce2 Bc7 24.Rc2 Qe5 25.g3 Qf6 26.Nf4 Bxf4 27.exf4 Rxc2 28.Qxc2 
Rc8 29.Qb2 Rc4 30.Kg2 Nc3 31.Rd3 Nxa2 32.Qxa2 Rxd4 33.Re3 Qd8 34.Qe2 Kf8 
35.Qc2 Kg8 36.Rc3 Qb8 37.Re3 Rc4 38.Qf5 d4 39.Re7 Bxf3+ 40.Kxf3 Qa8+ 41.
Ke2 Qf8 42.Qd7 Rc8 43.Kd1 Ra8 44.Qb7 Rb8 45.Qc7 Re8 46.Rxe8 Qxe8 47.Qxb6 
d3 48.Qe3 Qxb5 49.Kd2 a4 50.Qxd3 Qb6 51.Qc4 Qxf2+ 52.Kc1 Qe3+ 53.Kb1 Qg1+ 
54.Ka2 Qg2+ 55.Ka1 Qh1+ 56.Ka2 Qh2+ 57.Kb1 Qxh3 58.Qd3 Qe6 59.Ka1 Qf6+ 60.
Ka2 g6 61.Ka3 Qa1+ 62.Kb4 a3 63.f5 Qb2+ 64.Kc5 Qe5+ 0-1

[Event "8th EUR-ch"]
[Site "Dresden GER"]
[Date "2007.04.12"]
[Round "9.80"]
[White "Guliev, Logman"]
[Black "Stocek, Jiri"]
[Result "1/2-1/2"]
[WhiteElo "2466"]
[BlackElo "2567"]
[EventDate "2007.04.03"]
[PlyCount "134"]

1.e4 e5 2.Nf3 Nc6 3.Bb5 a6 4.Ba4 Nf6 5.O-O Be7 6.Re1 d6 7.Bxc6+ bxc6 8.d4 
exd4 9.Nxd4 Bd7 10.Nc3 O-O 11.Qf3 Re8 12.h3 h6 13.e5 dxe5 14.Rxe5 Bd6 15.
Rxe8+ Qxe8 16.Bf4 c5 17.Nb3 Bc6 18.Qe3 Qxe3 19.Bxe3 Rb8 20.Na5 Bd7 21.Nc4 
Be6 22.Nxd6 cxd6 23.b3 Rc8 24.Rd1 d5 25.Na4 d4 26.Bf4 g5 27.Be5 Nd7 28.Bd6
Rc6 29.Be7 Bf5 30.Rd2 f6 31.f3 Kf7 32.Bd8 h5 33.Kf2 h4 34.Ba5 Ne5 35.Bb6 
Nd7 36.Ba5 Ne5 37.Bb6 d3 38.c4 Nd7 39.Ba5 Nf8 40.Nb2 Rd6 41.b4 cxb4 42.
Bxb4 Rc6 43.Bxf8 Kxf8 44.Ke3 Be6 45.Kd4 f5 46.Rxd3 g4 47.fxg4 fxg4 48.hxg4
Bxg4 49.c5 Rg6 50.Rd2 h3 51.gxh3 Bxh3 52.Nd3 Rg4+ 53.Kd5 Bg2+ 54.Kd6 Rd4+ 
55.Kc7 Bf3 56.a4 Ke7 57.a5 Rd7+ 58.Kb6 Kd8 59.Kxa6 Kc7 60.Kb5 Rd4 61.Ne5 
Rxd2 62.Nxf3 Rb2+ 63.Kc4 Ra2 64.Kb4 Rb2+ 65.Kc4 Ra2 66.Kb4 Rb2+ 67.Kc4 
Rc2+ 1/2-1/2

[Event "8th EUR-ch"]
[Site "Dresden GER"]
[Date "2007.04.12"]
[Round "9.83"]
[White "Bindrich, Falko"]
[Black "Godena, Michele"]
[Result "1-0"]
[WhiteElo "2469"]
[BlackElo "2558"]
[EventDate "2007.04.03"]
[PlyCount "93"]

1.e4 e5 2.Nf3 Nc6 3.Bb5 a6 4.Bxc6 dxc6 5.O-O Qd6 6.Na3 Be6 7.Qe2 Ne7 8.Nc4
Bxc4 9.Qxc4 c5 10.d3 Nc6 11.Ng5 Qg6 12.f4 Be7 13.Nf3 exf4 14.Bxf4 O-O-O 
15.Ne5 Nxe5 16.Bxe5 f6 17.Bg3 Qe8 18.Rf5 g6 19.Rf3 Qb5 20.Qxb5 axb5 21.a4 
bxa4 22.Rxa4 Kd7 23.Ra7 Kc6 24.Bh4 g5 25.Be1 Ra8 26.Rxa8 Rxa8 27.Bc3 Kd7 
28.Bxf6 Ra1+ 29.Kf2 Rc1 30.c4 Rc2+ 31.Kg3 Bxf6 32.Rxf6 Rxb2 33.Rh6 c6 34.
Kg4 Rxg2+ 35.Kf5 Rf2+ 36.Kxg5 b5 37.Rxh7+ Kd6 38.Rh6+ Kc7 39.e5 b4 40.Rh7+
Kb6 41.e6 Re2 42.e7 b3 43.Rf7 Ka5 44.Kf6 b2 45.Rf8 Rf2+ 46.Ke6 Re2+ 47.Kd7
1-0

[Event "8th EUR-ch"]
[Site "Dresden GER"]
[Date "2007.04.12"]
[Round "9.84"]
[White "Anastasian, Ashot"]
[Black "Pert, Richard"]
[Result "1-0"]
[WhiteElo "2552"]
[BlackElo "2455"]
[EventDate "2007.04.03"]
[PlyCount "139"]

1.Nf3 Nf6 2.g3 d5 3.Bg2 c6 4.O-O Bg4 5.h3 Bh5 6.c4 e6 7.cxd5 exd5 8.Qb3 
Qb6 9.Qc2 Nbd7 10.d3 Bd6 11.Nc3 O-O 12.e4 Rfe8 13.Be3 c5 14.Nd2 Qa6 15.
exd5 Bxg3 16.Nc4 Bb8 17.Rfe1 Bg6 18.Ne4 Be5 19.Nxc5 Nxc5 20.Bxc5 Bf4 21.a4
Rac8 22.Be7 Nd7 23.b4 b5 24.axb5 Qxb5 25.Qb3 h5 26.d6 Nc5 27.Na3 Nxb3 28.
Nxb5 Nxa1 29.Rxa1 Bxd3 30.Nxa7 Rcd8 31.Bc6 Bxd6 32.Bxd6 Re6 33.Bg3 h4 34.
Bxh4 Rd4 35.Bg3 Rxb4 36.Bd5 Ra6 37.Rd1 Rb1 38.Rxb1 Bxb1 39.Nc6 Bd3 40.
Bxf7+ Kxf7 41.Ne5+ Kf6 42.Nxd3 Ra3 43.Nf4 Kf5 44.Kg2 Ra8 45.Nd5 Ke4 46.Ne3
Ra2 47.Ng4 Ra8 48.Be5 Ra7 49.Bd6 Ra6 50.Bc5 Ra5 51.Be3 Ra8 52.Kg3 Ra3 53.
h4 Kf5 54.f3 Ra4 55.Bd2 Ra3 56.Ne3+ Kg6 57.Nd5 Kf5 58.Bf4 Ra1 59.Ne3+ Kg6 
60.Kg4 Rg1+ 61.Bg3 Ra1 62.Nf5 Ra4+ 63.Bf4 Ra1 64.Be5 Rg1+ 65.Kf4 Rb1 66.
Bxg7 Rb5 67.Be5 Rb4+ 68.Bd4 Kh5 69.Kg3 Rb1 70.Ne3 1-0

[Event "8th EUR-ch"]
[Site "Dresden GER"]
[Date "2007.04.12"]
[Round "9.85"]
[White "Dizdar, Goran"]
[Black "Skoberne, Jure"]
[Result "1-0"]
[WhiteElo "2543"]
[BlackElo "2440"]
[EventDate "2007.04.03"]
[PlyCount "125"]

1.d4 d5 2.c4 c6 3.Nf3 Nf6 4.e3 a6 5.Nbd2 Bf5 6.Qb3 Qc7 7.Bd3 Bxd3 8.Qxd3 
Nbd7 9.O-O e6 10.Re1 Be7 11.e4 O-O 12.e5 dxc4 13.Nxc4 Nd5 14.Ng5 Bxg5 15.
Bxg5 b5 16.Ne3 h6 17.Nxd5 cxd5 18.Rec1 Qb7 19.Bd2 Rfc8 20.Qf3 Kh7 21.Qf4 
Nf8 22.Bb4 Kg8 23.Bc5 a5 24.Qd2 Nd7 25.Bd6 Nb6 26.Rxc8+ Rxc8 27.Qxa5 Nc4 
28.Qb4 Nxd6 29.exd6 Qc6 30.g3 Rd8 31.b3 Rxd6 32.a4 bxa4 33.bxa4 Rd7 34.a5 
Rb7 35.Qc5 Qa6 36.Qc8+ Kh7 37.Kg2 Qa7 38.a6 Rb8 39.Qc5 Ra8 40.Qxa7 Rxa7 
41.Kf3 Kg6 42.Ke3 f6 43.f3 Kf5 44.Kd3 e5 45.Ra5 g5 46.h3 h5 47.Ke3 g4 48.
fxg4+ hxg4 49.h4 Ke6 50.Kd3 Kf5 51.Ra2 Kg6 52.Ra1 Kf5 53.Ra3 Kg6 54.Ra2 
Kf5 55.Ra1 Kg6 56.Kc3 Kf5 57.Kb4 Ke4 58.Kc5 Ra8 59.a7 f5 60.dxe5 Kxe5 61.
Re1+ Kf6 62.Kb6 f4 63.Rf1 1-0

[Event "8th EUR-ch"]
[Site "Dresden GER"]
[Date "2007.04.12"]
[Round "9.86"]
[White "Iskusnyh, Sergei"]
[Black "Mastrovasilis, Athanasios"]
[Result "0-1"]
[WhiteElo "2463"]
[BlackElo "2543"]
[EventDate "2007.04.03"]
[PlyCount "78"]

1.d4 Nf6 2.c4 e6 3.Nf3 d5 4.g3 dxc4 5.Bg2 Bb4+ 6.Nc3 O-O 7.O-O Nc6 8.a3 
Bxc3 9.bxc3 Rb8 10.Bg5 h6 11.Bh4 Ne7 12.Bxf6 gxf6 13.Nd2 b5 14.Ne4 Kg7 15.
Nc5 Nd5 16.Rc1 Nb6 17.e4 Nd7 18.Nxd7 Bxd7 19.f4 Qe7 20.Qg4+ Kh7 21.Qh4 
Rbe8 22.g4 Kg7 23.f5 e5 24.Qf2 Kh7 25.Qd2 Rg8 26.Bf3 exd4 27.cxd4 Qxa3 28.
Kh1 Qd6 29.Rg1 Bc6 30.d5 Bb7 31.Rg3 c6 32.Rh3 Rg5 33.Qf2 cxd5 34.Qxa7 Re7 
35.Rd1 c3 36.Qf2 b4 37.Qh4 h5 38.gxh5 c2 39.Rf1 dxe4 0-1

[Event "8th EUR-ch"]
[Site "Dresden GER"]
[Date "2007.04.12"]
[Round "9.87"]
[White "Chuchelov, Vladimir"]
[Black "Grooten, Herman"]
[Result "1-0"]
[WhiteElo "2539"]
[BlackElo "2379"]
[EventDate "2007.04.03"]
[PlyCount "141"]

1.d4 Nf6 2.c4 e6 3.Nc3 Bb4 4.Qc2 O-O 5.a3 Bxc3+ 6.Qxc3 b6 7.Bg5 Bb7 8.f3 
d5 9.e3 Nbd7 10.cxd5 exd5 11.Bd3 Re8 12.Ne2 h6 13.Bh4 c5 14.Bf2 Rc8 15.Qd2
cxd4 16.exd4 Nf8 17.Bb5 Bc6 18.Ba6 Ra8 19.Rc1 Qd7 20.O-O Bb5 21.Bxb5 Qxb5 
22.Nc3 Qd7 23.h3 Rac8 24.g4 Rc6 25.Ne2 Rc4 26.Ng3 Rec8 27.Nf5 Ng6 28.b3 
Rxc1 29.Rxc1 Nh7 30.Rxc8+ Qxc8 31.Be3 Qf8 32.a4 Ne7 33.Ng3 Nc6 34.Qc2 Qe8 
35.Nf5 Kh8 36.Qc1 Qd7 37.Kg2 f6 38.Qa3 h5 39.b4 g6 40.Nh4 Kg7 41.b5 Ne7 
42.gxh5 gxh5 43.Qxe7+ Qxe7 44.Nf5+ Kf7 45.Nxe7 Kxe7 46.Kg3 Kf7 47.Bf4 Nf8 
48.Bb8 Nd7 49.Bxa7 Kg7 50.Kf4 Kg6 51.h4 Kg7 52.Ke3 Kg6 53.a5 bxa5 54.b6 a4
55.Kd3 a3 56.Kc3 Kf5 57.b7 Kf4 58.Kb3 Kxf3 59.Kxa3 Kg4 60.Kb4 f5 61.Kb5 f4
62.Kc6 f3 63.Kxd7 f2 64.b8=Q f1=Q 65.Qg8+ Kxh4 66.Qxd5 Qd3 67.Bc5 Qb5+ 68.
Ke6 Qa6+ 69.Bd6 Qc8+ 70.Ke7 Qf5 71.Bg3+ 1-0

[Event "8th EUR-ch"]
[Site "Dresden GER"]
[Date "2007.04.12"]
[Round "9.89"]
[White "Lobzhanidze, Davit"]
[Black "Heberla, Bartlomiej"]
[Result "1/2-1/2"]
[WhiteElo "2450"]
[BlackElo "2533"]
[EventDate "2007.04.03"]
[PlyCount "91"]

1.e4 Nc6 2.Nf3 d6 3.d4 Nf6 4.Nc3 g6 5.d5 Nb8 6.h3 Bg7 7.Bc4 c6 8.a4 O-O 9.
O-O Qc7 10.Ba2 Na6 11.Bf4 Qb6 12.Rb1 Qb4 13.Re1 cxd5 14.Bxd5 Nc5 15.Bd2 
Nxa4 16.e5 dxe5 17.Nxe5 Nxc3 18.Bxc3 Qc5 19.Bb3 Qc7 20.Qe2 e6 21.Rbd1 Nd5 
22.Bd4 f6 23.Nd3 Kh8 24.Bxd5 exd5 25.Bc5 Rg8 26.Qf3 Bf5 27.Re7 Qc6 28.Bd4 
Be4 29.Qf4 g5 30.Qc7 Qxc7 31.Rxc7 b6 32.f3 Bxd3 33.Rxd3 f5 34.Rd7 Bxd4+ 
35.Rxd4 Rg7 36.R4xd5 Rf8 37.Rd8 Rxd8 38.Rxd8+ Rg8 39.Rd5 f4 40.Kf2 h6 41.
g3 Rc8 42.c3 fxg3+ 43.Kxg3 Rc7 44.f4 gxf4+ 45.Kxf4 Rf7+ 46.Rf5 1/2-1/2

[Event "8th EUR-ch"]
[Site "Dresden GER"]
[Date "2007.04.12"]
[Round "9.90"]
[White "Vuilleumier, Alexandre"]
[Black "Shanava, Konstantine"]
[Result "0-1"]
[WhiteElo "2343"]
[BlackElo "2532"]
[EventDate "2007.04.03"]
[PlyCount "80"]

1.d4 Nf6 2.c4 e6 3.Nf3 b6 4.g3 Ba6 5.Qc2 Bb7 6.Bg2 c5 7.d5 exd5 8.cxd5 
Bxd5 9.Nc3 Bc6 10.O-O Be7 11.e4 O-O 12.Rd1 h6 13.Nh4 Re8 14.Nf5 Bf8 15.Bf4
Na6 16.Rd2 Nb4 17.Qb1 c4 18.Bd6 Nd3 19.Bxf8 Rxf8 20.Nd6 b5 21.Ncxb5 Bxb5 
22.Nxb5 Rb8 23.a4 Qa5 24.Qd1 a6 25.Nd6 Qc5 26.Nxc4 Nxf2 27.Rxf2 Qxc4 28.
Qf1 Qe6 29.Re1 Qe5 30.Qxa6 Ng4 31.Rd2 Qc5+ 32.Kh1 Nf2+ 33.Rxf2 Qxf2 34.Qe2
Rxb2 35.Qxf2 Rxf2 36.Ra1 Rb8 37.Kg1 Rbb2 38.Bh3 Rxh2 39.Bxd7 Rbg2+ 40.Kf1 
Rxg3 0-1

[Event "8th EUR-ch"]
[Site "Dresden GER"]
[Date "2007.04.12"]
[Round "9.91"]
[White "Areshchenko, Alexander"]
[Black "Akesson, Ralf"]
[Result "1-0"]
[WhiteElo "2647"]
[BlackElo "2478"]
[EventDate "2007.04.03"]
[PlyCount "91"]

1.e4 c6 2.d4 d5 3.e5 Bf5 4.Nf3 e6 5.Be2 Nd7 6.O-O Bg6 7.c3 Nh6 8.Nbd2 Nf5 
9.Ne1 c5 10.Ndf3 Be7 11.Nd3 cxd4 12.cxd4 Bh5 13.Nf4 Bxf3 14.Bxf3 Qb6 15.
Bg4 Qxd4 16.Bxf5 Qxd1 17.Rxd1 exf5 18.Nxd5 Bd8 19.f4 Nc5 20.b3 Ne6 21.Ba3 
Rc8 22.Kf1 Rc6 23.g3 h5 24.h4 f6 25.exf6 Bxf6 26.Nxf6+ gxf6 27.Rac1 Rxc1 
28.Bxc1 Rh7 29.Be3 a6 30.Rd5 Re7 31.Ke2 Kf7 32.Kd3 Kg6 33.Bb6 Ng7 34.a4 
Kf7 35.Bc5 Ke6 36.Rd6+ Kf7 37.b4 Ne6 38.Bb6 Nf8 39.Bd4 Rd7 40.Rxf6+ Ke7 
41.Kc3 Ne6 42.Be5 Nc7 43.Rxf5 Nd5+ 44.Kb2 Ne3 45.Rxh5 Rd2+ 46.Kb3 1-0

[Event "8th EUR-ch"]
[Site "Dresden GER"]
[Date "2007.04.12"]
[Round "9.92"]
[White "Karpatchev, Aleksandr"]
[Black "Asrian, Karen"]
[Result "0-1"]
[WhiteElo "2477"]
[BlackElo "2635"]
[EventDate "2007.04.03"]
[PlyCount "106"]

1.e4 e6 2.d4 d5 3.Nd2 c5 4.exd5 Qxd5 5.Ngf3 cxd4 6.Bc4 Qd6 7.O-O Nf6 8.Re1
Nc6 9.Ne4 Qb4 10.b3 Bd7 11.a3 Qb6 12.b4 Be7 13.Bb2 Nxe4 14.Rxe4 Bf6 15.Bd3
a6 16.Rb1 Rd8 17.a4 Bc8 18.Ba3 Ne7 19.b5 a5 20.Ne5 Rd5 21.Qe2 Ng6 22.Nf3 
Be7 23.Bxe7 Kxe7 24.Bc4 Rd6 25.Rd1 Rhd8 26.Ne5 Qc5 27.h4 f6 28.Nxg6+ hxg6 
29.Re1 e5 30.Bd3 Bf5 31.f4 Bxe4 32.Qxe4 f5 33.Qxb7+ R8d7 34.Qa8 e4 35.Qg8 
Qd5 36.Qxg7+ Kd8 37.Qf8+ Kc7 38.b6+ Rxb6 39.Bb5 Rd8 40.Qg7+ Kb8 41.Rd1 Qd6
42.g3 Qc5 43.Qe5+ Qxe5 44.fxe5 Re6 45.c3 d3 46.Kf2 Rxe5 47.Ke3 Rc5 48.c4 
Kc7 49.Rd2 Kd6 50.Kd4 Rc7 51.Rd1 Ke6+ 52.Ke3 Ke5 53.Rd2 Rg8 0-1

[Event "8th EUR-ch"]
[Site "Dresden GER"]
[Date "2007.04.12"]
[Round "9.95"]
[White "Womacka, Mathias"]
[Black "Kritz, Leonid"]
[Result "1-0"]
[WhiteElo "2460"]
[BlackElo "2593"]
[EventDate "2007.04.03"]
[PlyCount "53"]

1.e4 c5 2.Nf3 Nc6 3.d4 cxd4 4.Nxd4 Qb6 5.Nb3 Nf6 6.Nc3 e6 7.Bd3 a6 8.O-O 
Be7 9.Kh1 O-O 10.f4 Qc7 11.e5 Ne8 12.Be3 d6 13.exd6 Nxd6 14.f5 Nb4 15.f6 
Bxf6 16.Bxh7+ Kxh7 17.Rxf6 Rd8 18.Rf4 Nf5 19.Qh5+ Kg8 20.Rxb4 Nxe3 21.Rh4 
f6 22.Qh8+ Kf7 23.Qh5+ Kg8 24.Ne4 Nf5 25.Qh7+ Kf7 26.Rg4 Qxc2 27.Rxg7+ 1-0

[Event "8th EUR-ch"]
[Site "Dresden GER"]
[Date "2007.04.12"]
[Round "9.98"]
[White "Grunberg, Mihai-Lucian"]
[Black "Azarov, Sergei"]
[Result "1/2-1/2"]
[WhiteElo "2442"]
[BlackElo "2571"]
[EventDate "2007.04.03"]
[PlyCount "92"]

1.Nf3 Nf6 2.c4 e6 3.g3 d5 4.Bg2 Be7 5.O-O O-O 6.d4 c6 7.Qc2 Nbd7 8.Rd1 b6 
9.b3 Ba6 10.a4 Rc8 11.a5 b5 12.c5 Ne4 13.b4 f5 14.Ne5 Nxe5 15.dxe5 Qe8 16.
Ra3 Qh5 17.Bf3 Qg6 18.Bg2 Rce8 19.Bf4 Qh5 20.Bf3 Qg6 21.Bg2 Ng5 22.Nd2 Bc8
23.a6 Nf7 24.Nb3 Bd8 25.h4 Bc7 26.Qc3 Nd8 27.Bf3 Qf7 28.Kg2 Bb8 29.Nc1 Qe7
30.Bg5 Qc7 31.Bxd8 Rxd8 32.Nd3 g6 33.Qd4 Qg7 34.e3 h6 35.Be2 Kf7 36.Rh1 
Rh8 37.f3 Ke7 38.Kf2 Bc7 39.Ke1 Rdf8 40.Kd2 g5 41.h5 Bd7 42.Raa1 Be8 43.
Rag1 Bf7 44.f4 Rfg8 45.Nc1 Be8 46.Nb3 Qf7 1/2-1/2

[Event "8th EUR-ch"]
[Site "Dresden GER"]
[Date "2007.04.12"]
[Round "9.99"]
[White "Palac, Mladen"]
[Black "Guseinov, Elmir"]
[Result "1/2-1/2"]
[WhiteElo "2568"]
[BlackElo "2457"]
[EventDate "2007.04.03"]
[PlyCount "47"]

1.d4 d5 2.c4 e6 3.Nf3 c5 4.cxd5 exd5 5.g3 Nc6 6.Bg2 Nf6 7.O-O Be7 8.Nc3 
O-O 9.Bg5 c4 10.Ne5 Be6 11.f4 Ng4 12.Nxg4 Bxg4 13.Bxd5 Bxg5 14.fxg5 Qxg5 
15.Rf4 Rad8 16.Qd2 Bh3 17.e4 Be6 18.Rd1 h6 19.Qe2 Ne7 20.Bxe6 fxe6 21.Rg4 
Qf6 22.Rf4 Qg5 23.Rg4 Qf6 24.Rf4 1/2-1/2

[Event "8th EUR-ch"]
[Site "Dresden GER"]
[Date "2007.04.12"]
[Round "9.100"]
[White "Oleksienko, Mikhailo"]
[Black "Gasthofer, Alexander"]
[Result "1-0"]
[WhiteElo "2560"]
[BlackElo "2453"]
[EventDate "2007.04.03"]
[PlyCount "65"]

1.e4 e6 2.d4 d5 3.Nd2 dxe4 4.Nxe4 Nd7 5.Nf3 Ngf6 6.Nxf6+ Nxf6 7.Bd3 c5 8.
Be3 Qc7 9.Qe2 a6 10.O-O-O b5 11.dxc5 Bxc5 12.h4 Bxe3+ 13.Qxe3 Bb7 14.Ne5 
Nd5 15.Qe1 Rc8 16.g3 Nb4 17.Qxb4 Bxh1 18.Nxf7 Qxf7 19.Rxh1 Qf3 20.Rd1 Rd8 
21.Qc5 Kf7 22.Qc7+ Kf6 23.Qc3+ e5 24.Re1 Rhe8 25.b3 Re6 26.Re4 Rd4 27.Rxd4
exd4 28.Qxd4+ Kf7 29.Bxh7 Re1+ 30.Kb2 Qh1 31.Qd7+ Kf8 32.Qd6+ Kf7 33.Bg6+ 
1-0

[Event "8th EUR-ch"]
[Site "Dresden GER"]
[Date "2007.04.12"]
[Round "9.101"]
[White "Drozdovskij, Yuri"]
[Black "Gutman, Lev"]
[Result "1-0"]
[WhiteElo "2558"]
[BlackElo "2444"]
[EventDate "2007.04.03"]
[PlyCount "57"]

1.d4 Nf6 2.c4 g6 3.Nc3 Bg7 4.e4 O-O 5.Be2 c6 6.e5 Ne8 7.f4 d6 8.Nf3 dxe5 
9.fxe5 c5 10.d5 Bg4 11.Bf4 Bxf3 12.Bxf3 Nd7 13.Qe2 f6 14.e6 Ne5 15.O-O Nd6
16.b3 Nf5 17.Rad1 Nd4 18.Qd2 a6 19.Ne2 Ndxf3+ 20.gxf3 b5 21.Qc2 bxc4 22.
bxc4 f5 23.Nc1 Rb8 24.Kh1 g5 25.Bxg5 Rb4 26.d6 Bf6 27.Bh6 Bg7 28.Rg1 Ng6 
29.Bxg7 1-0

[Event "8th EUR-ch"]
[Site "Dresden GER"]
[Date "2007.04.12"]
[Round "9.103"]
[White "Cvitan, Ognjen"]
[Black "Can, Emre"]
[Result "0-1"]
[WhiteElo "2540"]
[BlackElo "2404"]
[EventDate "2007.04.03"]
[PlyCount "58"]

1.c4 Nf6 2.Nf3 e6 3.g3 d5 4.Bg2 dxc4 5.Qa4+ c6 6.Qxc4 b5 7.Qb3 Bb7 8.O-O 
a6 9.d4 c5 10.a4 Nbd7 11.Bg5 Qb6 12.Bxf6 gxf6 13.e3 cxd4 14.exd4 Be7 15.
Nc3 b4 16.a5 Qc7 17.Ne2 O-O 18.Rfc1 Qd6 19.Nf4 Rfd8 20.Re1 Nf8 21.Qe3 Ng6 
22.Nh5 Kh8 23.Red1 Qd5 24.Qh6 Bf8 25.Qxh7+ Kxh7 26.Nxf6+ Kg7 27.Nxd5 Bxd5 
28.Ne1 Bxg2 29.Nxg2 Be7 0-1

[Event "8th EUR-ch"]
[Site "Dresden GER"]
[Date "2007.04.12"]
[Round "9.105"]
[White "Rogozenko, Dorian"]
[Black "Spiess, Gunter"]
[Result "0-1"]
[WhiteElo "2528"]
[BlackElo "2398"]
[EventDate "2007.04.03"]
[PlyCount "130"]

1.d4 d5 2.c4 c6 3.Nf3 Nf6 4.Nc3 e6 5.Bg5 h6 6.Bh4 dxc4 7.e4 g5 8.Bg3 b5 9.
Be2 Bb7 10.h4 g4 11.Ne5 Rg8 12.Nxg4 Nxg4 13.Bxg4 b4 14.Na4 c5 15.Nxc5 Bxc5
16.dxc5 Qxd1+ 17.Bxd1 Bxe4 18.O-O Nc6 19.Rc1 Bd5 20.Ba4 O-O-O 21.Bxc6 Bxc6
22.Rxc4 Rd2 23.Rb1 f5 24.Kf1 e5 25.Ke1 Rd5 26.Rxb4 f4 27.Bxf4 exf4 28.Rxf4
Rxg2 29.Ke2 Rxc5 30.Rd1 Re5+ 31.Kd3 Rd5+ 32.Kc2 Rxd1 33.Kxd1 h5 34.Kd2 Bd7
35.Ke3 Rg1 36.Rf8+ Kc7 37.Rh8 Bg4 38.f3 Rg3 39.Rf8 Rh3 40.a3 Bd7 41.Rf4 
Bc6 42.b4 Kb6 43.Kf2 Rh2+ 44.Kg3 Ra2 45.Rf5 Rxa3 46.Rxh5 Rxf3+ 47.Kg4 Rb3 
48.Kf4 Rxb4+ 49.Ke3 a5 50.Rf5 Rxh4 51.Kd2 Rh3 52.Kc1 Rh2 53.Re5 a4 54.Kb1 
Bb5 55.Ka1 Bc4 56.Rg5 Kc6 57.Kb1 Bd5 58.Ka1 Kc5 59.Kb1 Kc4 60.Ka1 Kb3 61.
Rg3+ Kb4 62.Rg1 Ka3 63.Re1 Bb3 64.Kb1 Rb2+ 65.Kc1 Ra2 0-1

[Event "8th EUR-ch"]
[Site "Dresden GER"]
[Date "2007.04.12"]
[Round "9.106"]
[White "Kaplan, Sasha"]
[Black "Kulaots, Kaido"]
[Result "0-1"]
[WhiteElo "2429"]
[BlackElo "2525"]
[EventDate "2007.04.03"]
[PlyCount "43"]

1.e4 c5 2.Nf3 d6 3.d4 Nf6 4.Nc3 cxd4 5.Nxd4 g6 6.Be3 Bg7 7.f3 a6 8.Qd2 
Nbd7 9.O-O-O b5 10.g4 Bb7 11.Kb1 Nb6 12.Bd3 Rc8 13.Bh6 Bxh6 14.Qxh6 Rxc3 
15.bxc3 Qc8 16.Ne2 Na4 17.h4 d5 18.exd5 Nxd5 19.g5 Qc5 20.Kc1 Ndxc3 21.Be4
Bxe4 22.fxe4 0-1

[Event "8th EUR-ch"]
[Site "Dresden GER"]
[Date "2007.04.12"]
[Round "9.107"]
[White "Martinovic, Sasa"]
[Black "Winants, Luc"]
[Result "1/2-1/2"]
[WhiteElo "2400"]
[BlackElo "2524"]
[EventDate "2007.04.03"]
[PlyCount "36"]

1.d4 Nf6 2.c4 e6 3.Nc3 Bb4 4.e3 O-O 5.Ne2 d5 6.a3 Be7 7.cxd5 exd5 8.g3 Re8
9.Bg2 Bf8 10.O-O a5 11.Nf4 c6 12.Kh1 Bd6 13.Nd3 Na6 14.f3 c5 15.dxc5 Nxc5 
16.Nb5 Bf8 17.Nxc5 Bxc5 18.Nd4 Qb6 1/2-1/2